Геохимия подземных вод Академического месторождения; Известия Томского политехнического университета [Известия ТПУ]; Т. 307, № 7

Bibliografske podrobnosti
Parent link:Известия Томского политехнического университета [Известия ТПУ]/ Томский политехнический университет (ТПУ).— , 2000-
Т. 307, № 7.— 2004.— [С. 35-39]
Glavni avtor: Дутова Е. М. Екатерина Матвеевна
Drugi avtorji: Покровский Д. С.
Izvleček:Заглавие с титульного листа
Электронная версия печатной публикации
Приведены результаты изучения геохимии подземных вод Академического месторождения, использующегося для хозяйственно-питьевого водоснабжения крупного жилого района города Томска. Приводятся данные об изменении гидрогеохимических показателей в процессе эксплуатации месторождения. Установлено устойчивое во времени повышение в подземных водах величин сульфат-иона и общей жесткости, при одновременном уменьшении концентраций растворенных форм миграции железа. Ведущим фактором этих изменений выступает аэрация недр в условиях нарушенного гидродинамического режима при длительной эксплуатации. Прослеживается изменение гидрогеохимических показателей в технологическом процессе водоподготовки и последующей транспортировке воды потребителю.
Jezik:ruščina
Izdano: 2004
Serija:Естественные науки
Teme:
Online dostop:http://www.lib.tpu.ru/fulltext/v/Bulletin_TPU/2004/v307/i7/08.pdf
Format: Elektronski Book Chapter
KOHA link:https://koha.lib.tpu.ru/cgi-bin/koha/opac-detail.pl?biblionumber=169978

MARC

LEADER 00000nla2a2200000 4500
001 169978
005 20240205161212.0
035 |a (RuTPU)RU\TPU\book\184348 
035 |a RU\TPU\book\184347 
090 |a 169978 
100 |a 20091119d2004 k y0rusy50 ca 
101 0 |a rus 
102 |a RU 
135 |a drnn ---uucaa 
181 0 |a i  
182 0 |a b 
200 1 |a Геохимия подземных вод Академического месторождения  |f Е. М. Дутова, Д. С. Покровский 
203 |a Текст  |c электронный 
215 |a 1 файл (362 Кб) 
225 1 |a Естественные науки 
300 |a Заглавие с титульного листа 
300 |a Электронная версия печатной публикации 
320 |a [Библиогр.: с. 39 (3 назв.)] 
330 |a Приведены результаты изучения геохимии подземных вод Академического месторождения, использующегося для хозяйственно-питьевого водоснабжения крупного жилого района города Томска. Приводятся данные об изменении гидрогеохимических показателей в процессе эксплуатации месторождения. Установлено устойчивое во времени повышение в подземных водах величин сульфат-иона и общей жесткости, при одновременном уменьшении концентраций растворенных форм миграции железа. Ведущим фактором этих изменений выступает аэрация недр в условиях нарушенного гидродинамического режима при длительной эксплуатации. Прослеживается изменение гидрогеохимических показателей в технологическом процессе водоподготовки и последующей транспортировке воды потребителю. 
337 |a Adobe Reader 
461 1 |0 (RuTPU)RU\TPU\book\176237  |t Известия Томского политехнического университета [Известия ТПУ]  |f Томский политехнический университет (ТПУ)  |d 2000- 
463 1 |0 (RuTPU)RU\TPU\book\184338  |t Т. 307, № 7  |v [С. 35-39]  |d 2004  |p 195 с. 
610 1 |a геохимия 
610 1 |a подземные воды 
610 1 |a Академическое месторождение 
610 1 |a результаты 
610 1 |a изучение 
610 1 |a хозяйственно-питьевое водоснабжение 
610 1 |a жилые районы 
610 1 |a данные 
610 1 |a изменения 
610 1 |a гидрогеохимические показатели 
610 1 |a процессы 
610 1 |a эксплуатация 
610 1 |a сульфат-ионы 
610 1 |a жесткость 
610 1 |a концентрация 
610 1 |a растворенные формы 
610 1 |a миграция 
610 1 |a железо 
610 1 |a факторы 
610 1 |a аэрация 
610 1 |a недра 
610 1 |a условия 
610 1 |a гидродинамические режимы 
610 1 |a технологические процессы 
610 1 |a водоподготовка 
610 1 |a транспортировка 
610 1 |a потребители 
610 1 |a труды учёных ТПУ 
610 1 |a электронный ресурс 
700 1 |a Дутова  |b Е. М.  |c гидрогеолог  |c профессор Томского политехнического университета, доктор геолого-минералогических наук  |f 1956-  |g Екатерина Матвеевна  |3 (RuTPU)RU\TPU\pers\26078  |9 11916 
701 1 |a Покровский  |b Д. С. 
801 1 |a RU  |b 63413507  |c 20090623  |g PSBO 
801 2 |a RU  |b 63413507  |c 20210728  |g PSBO 
856 4 |u http://www.lib.tpu.ru/fulltext/v/Bulletin_TPU/2004/v307/i7/08.pdf 
942 |c CF